Сбор и подготовка газа на промысле: ретроспективный библиографический указатель

Dettagli Bibliografici
Ente Autore: Центральная научно-техническая библиотека нефтяной промышленности
Lingua:russo
Pubblicazione: Москва, ВНИИЭГАЗПРОМ, 1976
Soggetti:
Natura: MixedMaterials Libro
KOHA link:https://koha.lib.tpu.ru/cgi-bin/koha/opac-detail.pl?biblionumber=160636

MARC

LEADER 00000nam0a2200000 4500
001 160636
005 20231101222212.0
035 |a (RuTPU)RU\TPU\book\174207 
090 |a 160636 
100 |a 20090526d1976 m y0rusy50 ca 
101 0 |a rus 
102 |a RU 
105 |a y z 001zy 
200 1 |a Сбор и подготовка газа на промысле  |e ретроспективный библиографический указатель  |f Центральная научно-техническая библиотека нефтяной промышленности 
210 |a Москва  |c ВНИИЭГАЗПРОМ  |d 1976 
215 |a 97 с. 
320 |a Библиогр.: с. 96. 
610 1 |a сбор 
610 1 |a подготовка 
610 1 |a газ 
610 1 |a природные газы 
610 1 |a хранение 
675 |a 016:622  |v 3 
675 |a 622.279(01)  |v 3 
712 0 2 |a Центральная научно-техническая библиотека нефтяной промышленности  |2 stltpush  |3 (RuTPU)RU\TPU\col\11448  |9 25103 
801 1 |a RU  |b 63413507  |c 20090526  |g PSBO 
801 2 |a RU  |b 63413507  |c 20090722  |g PSBO 
942 |c BK